Kanye West - Wszystkie albumy - Statystyki

Ogólne statystyki
  • Ten quiz został rozwiązany 282 razy
    32 od ostatniego zresetowania
  • Średni wynik to 16 z 16
Statystyki odpowiedzi
Hint Odpowiedź % Poprawnych
2026 BULLY
100%
2021 Donda
100%
2007 Graduation
100%
2019 JESUS IS KING
100%
2005 Late Registration
100%
2010 My Beautiful Dark Twisted Fantasy
100%
2016 The Life Of Pablo
100%
2024 VULTURES 1
100%
2024 VULTURES 2
100%
2018 ye
100%
2013 Yeezus
100%
2025 DONDA 2
96%
2004 The College Dropout
96%
2011 Watch The Throne
92%
2008 808s & Heartbreak
88%
2018 KIDS SEE GHOSTS
83%
Nie znaleziono quizów pasujących do podanych kryteriów
Rozkład punktacji
Procent ludzi z każdym wynikiem
Percentyl według liczby udzielonych odpowiedzi
Twoja historia wyników
Nie rozwiązałeś tego quizu od ostatniego zresetowania